000 00811nam a2200253 a 4500
001 61893
003 BD-RjUL
005 20211209081019.0
008 170122s1977 nyua 000 0 eng
020 _a0060462140
035 _a(BD-RjUL)62018
040 _aDLC
_cDLC
_dBD-RjUL
_beng
041 _aeng
082 0 0 _a658.84
_223
_bFOC 1977
100 1 _aFoster, John Robert.
_9184237
245 1 0 _aCases in marketing channel strategy /
_cJ. Robert Foster, Arch G. Woodside, J. Taylor Sims.
260 _aNew York :
_bHarper & Row,
_cc1977.
300 _axi, 220 p. :
_bill. ;
_c24 cm.
500 _aIncludes index.
650 0 _aMarketing channels
_xCase studies.
_9184238
700 1 _aWoodside, Arch G.,
_ejoint author.
_9184239
700 1 _aSims, J. Taylor,
_d1939-
_ejoint author.
_9184240
942 _2ddc
_cBK
999 _c61893
_d61893